Development of ITER shelding blanket prototype mockup by HIP bonding (Запись № 2380474)

Подробности
000 -МАРКЕР
контрольное поле 01283nam0a22003499 4500
001 - ИДЕНТИФИКАТОР ЗАПИСИ
контрольное поле RU\NLR\b_ik\75489
005 - ИДЕНТИФИКАТОР ВЕРСИИ
контрольное поле 20250616224513.0
035 ## - ДРУГИЕ СИСТЕМНЫЕ НОМЕРА
Идентификатор записи (NLR Aleph) 002149755
100 ## - ДАННЫЕ ОБЩЕЙ ОБРАБОТКИ
Данные общей обработки 19950127d2000 |||y0rusy50 ca
101 0# - ЯЗЫК РЕСУРСА
Язык текста, звукозаписи и т.д. русский
102 ## - СТРАНА ПУБЛИКАЦИИ ИЛИ ПРОИЗВОДСТВА
Страна публикации российская федерация
105 ## - ПОЛЕ КОДИРОВАННЫХ ДАННЫХ: ТЕКСТОВЫЕ МАТЕРИАЛЫ, МОНОГРАФИЧЕСКИЕ
Кодированные данные о монографическом текстовом документе y |||||||||
200 1# - ЗАГЛАВИЕ И СВЕДЕНИЯ ОБ ОТВЕТСТВЕННОСТИ
Основное заглавие Development of ITER shelding blanket prototype mockup by HIP bonding
Первые сведения об ответственности Satoshi Sato, Kazuyuki Furuya, Toshihisa Hatano et al
210 ## - ПУБЛИКАЦИЯ, РАСПРОСТРАНЕНИЕ И ДР.
Место издания, распространения и т.д. Tokai (Ibaraki)
Имя издателя, распространителя и т. д. Japan atomic energy research inst.
Дата издания, распространения и т.д. 2000
215 ## - ФИЗИЧЕСКАЯ ХАРАКТЕРИСТИКА
Специфическое обозначение материала и объем VI, 121 c.
Другие сведения о физической характеристике ил.
Размеры 30
225 1# - СЕРИЯ
Основное заглавие серии JAERI - Tech
Обозначение тома 2000-042
300 ## - ОБЩИЕ ПРИМЕЧАНИЯ
Текст примечания Рез. на яп. яз
320 ## - ПРИМЕЧАНИЯ О НАЛИЧИИ В ДОКУМЕНТЕ БИБЛИОГРАФИИ / УКАЗАТЕЛЯ
Текст примечания Библиогр.: с. 57-58
606 0# - НАИМЕНОВАНИЕ ТЕМЫ КАК ПРЕДМЕТ
Наименование темы Термоядерные реакторы ITER
Тематический подзаголовок Бланкеты защитные
Системный номер авторитетной/нормативной записи 2089442
Идентификатор авторитетной/нормативной записи RU\NLR\AUTH\661264802
606 1# - НАИМЕНОВАНИЕ ТЕМЫ КАК ПРЕДМЕТ
Наименование темы ITER, термоядерные реакторы
Тематический подзаголовок Бланкеты защитные
Системный номер авторитетной/нормативной записи 2270611
Идентификатор авторитетной/нормативной записи RU\NLR\AUTH\661360946
686 0# - ИНДЕКСЫ ДРУГИХ КЛАССИФИКАЦИЙ
Индекс З496-04
Код системы
701 #1 - ИМЯ ЛИЦА - АЛЬТЕРНАТИВНАЯ ОТВЕТСТВЕННОСТЬ
Начальный элемент ввода Sato
Часть имени, кроме начального элемента ввода Satoshi
Код отношения Автор
701 #1 - ИМЯ ЛИЦА - АЛЬТЕРНАТИВНАЯ ОТВЕТСТВЕННОСТЬ
Начальный элемент ввода Furuya
Часть имени, кроме начального элемента ввода Kazuyuki
Код отношения Автор
701 #1 - ИМЯ ЛИЦА - АЛЬТЕРНАТИВНАЯ ОТВЕТСТВЕННОСТЬ
Начальный элемент ввода Hatano Toshihisa
Код отношения Автор
801 #0 - ИСТОЧНИК ЗАПИСИ
Страна российская федерация
Организация NLR
Дата составления 19950127
Правила каталогизации PSBO
801 #1 - ИСТОЧНИК ЗАПИСИ
Страна российская федерация
Организация NLR
Дата составления 20011029
852 ## - МЕСТОНАХОЖДЕНИЕ И ШИФР ХРАНЕНИЯ
Идентификатор организации NLR
Шифр хранения (Call Number) P11/2365
942 ## - ДОПОЛНИТЕЛЬНЫЕ ЭЛЕМЕНТЫ ЗАПИСИ (АБИС)
Тип экземпляра АБИС Книга
980 ## - КОЛЛЕКЦИЯ
Название коллекции Национальная библиография
Экземпляры
Тип экземпляра Дата поступления Библиотека постоянного хранения Библиотека текущего хранения Место хранения Шифр хранения Штрих-код Статус не для выдачи
Книга 26.10.2013 РНБ (Московский) РНБ (Московский) Русский журнальный фонд: издания с 1951 года, ин. P11/2365 2149755-10